000 00642nam a2200229 a 4500
999 _c5583
_d5583
001 5583
003 BD-JhCC
005 20171218172612.0
008 171218s20052009ii |||| || | 000 0 eng d
035 _a(BD-JhCC)5583
040 _aBD-JhCC
_dBD-JhCC
041 _aeng
082 _a510.3
_bCLA 2009
100 _aClapham, Christopher
245 _aThe Concise Oxford Dictionary of Mathematics /
_cChristopher Clapham & James Nicholson
260 _aNew Delhi :
_bOxford University Press,
_c2009.
300 _a510 p. :
_c22 cm.
650 _aMathematic
_xDictionaries
700 _aNicholson James
942 _2ddc
_cBK